Gaming Quiz

Random Gaming Quiz

Gran Turismo Toyota Quiz Stats

 Plays Quiz not verified by Sporcle

Score 0/60 Timer 10:00
0 Plays Today
Toyota Type % Correct
Toyota2000GT
59.6%
ToyotaSupra RZ
53.2%
ToyotaCorolla Rally Car
44.7%
ToyotaCelica GT-Four
42.6%
ToyotaCelica GT-Four
42.6%
ToyotaCastrol Tom's Supra
40.4%
ToyotaCastrol Tom's Supra
40.4%
ToyotaSports 800
36.2%
ToyotaGT-One Race Car
36.2%
ToyotaCelica SS-II
31.9%
ToyotaMR2 GT-S
31.9%
ToyotaSupra SZ-R
31.9%
ToyotaCelica SS-II
31.9%
ToyotaYaris RS
31.9%
Toyota7 Race car
29.8%
ToyotaMINOLTA Toyota 88C-V
29.8%
ToyotaWEDSSPORT Celica
27.7%
ToyotaCelica 1600GT
25.5%
ToyotaStarlet Glanza
25.5%
ToyotaYaris F
25.5%
Toyotaau Cerumo Supra
25.5%
ToyotaSera
23.4%
ToyotaRSC
23.4%
ToyotaCelica XX 2800GT
21.3%
ToyotaSprinter Trueno GT-Apex
21.3%
ToyotaYaris RS Turbo
21.3%
ToyotaVoltz
19.1%
ToyotaWoodone Tom's supra
19.1%
ToyotaCorolla Levin GT-Apex
17%
ToyotaCelica 2000GT-Four
17%
Toyota Type % Correct
ToyotaSupra 3.0GT Turbo
17%
ToyotaCelica GT-Four Rally Car ST205
17%
ToyotaSprinter Trueno BZ-R
17%
ToyotabB 1.5Z
17%
ToyotaAltezza Touring Car
17%
ToyotaRSC Rally Raid Car
17%
ToyotaTacoma X-Runner
17%
ToyotaCelica GT-Four Rally car ST165
14.9%
ToyotaDenso SARD Supra
14.9%
ToyotaESSO Ultraflo Supra
14.9%
ToyotaPrius G
14.9%
TRD (Toyota Racing Development)Toyota Modellista Celica
14.9%
ToyotaCorolla Levin BZ-R
12.8%
ToyotaSprinter Trueno Shuichi Shigeno
12.8%
ToyotaMotor Triathlon
12.8%
ToyotaMR2 G-Limited
10.6%
ToyotaMR2 Spyder
10.6%
ToyotaSuperautobacs Apex MR-S
10.6%
ToyotaWill VS
8.5%
ToyotaCorolla Runx
8.5%
ToyotaPrius G Touring
8.5%
ToyotaCelica GT-R
6.4%
ToyotaMR2 V Edition
6.4%
ToyotaMR-2 1600 G
4.3%
ToyotaCelica 2000GT-R
4.3%
ToyotaSupra 2.5GT Twin Turbo R
4.3%
ToyotaMR-2 1600 G Limited
2.1%
ToyotaCarina ED| 2.0 X 4WS
2.1%
ToyotaYarus U Euro
2.1%
0%

You're not logged in!

Compare scores with friends on all Sporcle quizzes.
OR
Log In

You Might Also Like...

Show Comments

Extras

Created Oct 30, 2010ReportNominate
Tags:gran, Gran Turismo, toyota, turismo

Top Quizzes Today


Score Distribution

Your Account Isn't Verified!

In order to create a playlist on Sporcle, you need to verify the email address you used during registration. Go to your Sporcle Settings to finish the process.

Report this User

Report this user for behavior that violates our Community Guidelines.

Details: